000 00587nam a2200205Ia 4500
008 160319s9999 xx 000 0 und d
020 _a9710804286
050 _a641.5
050 _bR175p 2011
245 _a Philippine recipes and other international recipes /
245 _c[compiled and edited] by Celia Ramos.
260 _bPhillippine Center of Entrepreneurship
260 _c2009
300 _a429 pages :
300 _billustrations ;
300 _c21 cm.
650 _aCookery, International.
650 _aCookery, Philippine.
700 _aRamos, Celia Salazar.
999 _c292153
_d292153